Morgan Freeman Voice-Overs and Narration in Films - Statistics

General Stats
  • This quiz has been taken 96 times
    4 since last reset
  • The average score is 5 of 9
Answer Stats
Year Quote Film % Correct
1994 "I have no idea to this day what those two Italian ladies were singing about. Truth is, I don't want to know. Some things are best left unsaid." The Shawshank Redemption
100%
2004 "Only ever met one man I wouldn't wanna fight. When I met him he was already the best cut man in the business." Million Dollar Baby
75%
1995 "Ernest Hemingway once wrote: 'The world is a fine place, and worth fighting for.' I agree with the second part." Se7en
75%
2008 "What happens to a dream deferred? Does it shrivel up, like a ______ in the ___?" A {Raisin} in the {Sun}
50%
2006 "There are few places harder to get to in this world, but there aren't any where it's harder to live." March of the Penguins
50%
2005 "Yet, across the gulf of space, intellects vast and cool and unsympathetic regarded our planet with envious eyes, and slowly and surely drew their plans against us." War of the Worlds
50%
2018 "When humans first began their journey on Earth, it was an unforgiving place. Only the very strongest survived." {Alpha}
25%
2011 "Each tribe kept a shard, so that no man might attempt to join them back together...and drive the world once again into chaos and ruin." {Conan} the {Barbarian}
25%
2007 "Edward Perryman Cole died in May. It was a Sunday afternoon, and there wasn't a cloud in the sky." The {Bucket} {List}
25%
No matching quizzes found
Score Distribution
Percent of People with Each Score
Percentile by Number Answered
Your Score History
You have not taken this quiz since the last reset